Países que contêm uma letra - Q - Statistics

Estatísticas Gerais
  • Esse quiz foi jogado 139 vezes
  • A pontuação média é 8 de 13
Estatísticas das Respostas
Categoria País % Correto
1 x Q Quênia
96%
1 x Q Quirguistão
90%
1 x Q Tajiquistão
72%
1 x Q Paquistão
71%
1 x Q Uzbequistão
65%
1 x Q Cazaquistão
58%
1 x Q Equador
58%
1 x Q Turquia
57%
1 x Q Turquemenistão
52%
1 x Q Guiné Equatorial
43%
1 x Q Iraque
39%
1 x Q Eslováquia
36%
1 x Q Moçambique
34%
Nenhum quiz correspondente encontrado
Distribuição das Pontuações
Porcentagem de Pessoas com Cada Pontuação
Percentil de Números Respondidos
Sua Pontuação Histórica
Você não jogou esse quiz